Trangsgenic animal technology
Transgenic animal technologies and the ability to introduce functional genes into animals have revolutionized our ability to address complex biomedical and biological questions. This well-illustrated handbook covers the technical aspects of gene transfer ― from molecular methods to whole animal cons...
Sparad:
| Materialtyp: | Bok |
|---|---|
| Språk: | Undetermined |
| Publicerad: |
Burlington
Elsevier Science
2014
|
| Ämnen: | |
| Taggar: |
Lägg till en tagg
Inga taggar, Lägg till första taggen!
|
| Thư viện lưu trữ: | Trung tâm Học liệu Trường Đại học Cần Thơ |
|---|
| LEADER | 01289nam a2200193Ia 4500 | ||
|---|---|---|---|
| 001 | CTU_219754 | ||
| 008 | 210402s9999 xx 000 0 und d | ||
| 020 | |c 2249000 | ||
| 082 | |a 660.65 | ||
| 082 | |b T772 | ||
| 245 | 0 | |a Trangsgenic animal technology | |
| 245 | 0 | |c Edited by Pinkert, Carl A. | |
| 260 | |a Burlington | ||
| 260 | |b Elsevier Science | ||
| 260 | |c 2014 | ||
| 520 | |a Transgenic animal technologies and the ability to introduce functional genes into animals have revolutionized our ability to address complex biomedical and biological questions. This well-illustrated handbook covers the technical aspects of gene transfer ― from molecular methods to whole animal considerations ― for important laboratory and domestic animal species. It describes methodologies as employed by leading laboratories and is a key resource for researchers, as well as a tool for training technicians and students. This second edition incorporates updates on a variety of genetic engineering technologies ranging from microinjection and ES cell transfer to nuclear transfer in a broad range of animal modeling systems. | ||
| 650 | |a Kỹ thuật di truyền động vật,Animal genetic engineering | ||
| 904 | |i Tuyến | ||
| 980 | |a Trung tâm Học liệu Trường Đại học Cần Thơ | ||